000 00337nam a2200133Ia 4500
008 240624s9999 xx 000 0 und d
041 _aeng
082 _a658 WEN
100 _aWENSLEY ROBIN
245 _aEFFECTIVE MANAGEMENT IN PRACTICE ANALYTI
260 _c2013
_aNew Delhi
_bSage
300 _axv, 232 p.; 23 cm.
365 _cBPS
_b38
999 _c31105
_d31105